Fußball-Regionalliga Südwest Top 5 - Statistiken

Allgemein
  • Dieses Quiz wurde 465 mal gespielt
    300 seit der letzten Aktualisierung
  • Das Durchschnittsergebnis liegt bei 13 aus 19
Antwortstatistiken
Vereine % Korrekt
Stuttgarter Kickers
91%
SSV Ulm 1846
84%
SC Freiburg II
83%
SV Waldhof Mannheim
83%
FSV Frankfurt
82%
Kickers Offenbach
81%
VfB Stuttgart II
81%
TSG 1899 Hoffenheim II
80%
1. FC Saarbrücken
78%
1. FSV Mainz 05 II
77%
SV Elversberg
73%
FC 08 Homburg
70%
KSV Hessen Kassel
64%
Eintracht Trier
63%
1. FC Kaiserslautern II
54%
TSV Steinbach Haiger
49%
SG Sonnenhof Großaspach
42%
SGV Freiberg
38%
Wormatia Worms
33%
Keine übereinstimmenden Quizze gefunden
Verteilung der Resultate
Anzahl Personen mit jedem Resultat
Perzentil nach korrekt beantworteten Fragen
Ihre Resultats-Entwicklung
Sie haben dieses Quiz seit der letzten Aktualisierung nicht gespielt